<An> Analysis of the Optimal Provision of Public Infrastructure <A> Computational Model Using Mexican Data

Saved in:
Bibliographic Details
Main Author: Feltenstein, Andrew
Other Authors: Ha, Jiming
Format: Book
Language:English
Published: Washington International Monetary Fund 1996
Edition:1. ed.
Series:IMF Working Paper 13
Subjects:
Tags: Add Tag
No Tags, Be the first to tag this record!

MARC

LEADER 00000nam a2200000 4500
001 c017461
005 20221205124932.3
041 0 |a eng 
044 |a US 
245 1 0 |a <An> Analysis of the Optimal Provision of Public Infrastructure  |b <A> Computational Model Using Mexican Data  |c Andrew Feltenstein, Jiming Ha 
250 |a 1. ed. 
264 1 |a Washington  |b International Monetary Fund  |c 1996 
300 |a 17 s. 
490 1 |a IMF Working Paper  |v 13 
830 0 |a IMF Working Paper  |v 13 
610 2 0 |a výdavky verejné 
610 2 0 |a infraštruktúra 
610 2 0 |a hospodárstvo národné 
610 2 0 |a modely rovnováhy 
610 2 0 |a produkt národný hrubý 
610 2 0 |a výroba 
610 2 0 |a Mexiko 
610 2 0 |a analýza ekonomická 
610 2 0 |a financie verejné 
100 1 |a Feltenstein, Andrew 
700 1 |a Ha, Jiming